Parodies dans les Simpson par image #4 - Statistiques

Statistiques générales
  • Ce quiz a été pris 722 fois
  • Le résultat moyen est 15 sur 20
Statistiques - réponses
Par images Réponse % Correct
Garfield
98%
Raiponce
97%
Chucky
93%
Alice au pays des merveilles
92%
Minecraft
92%
Où est Charlie ?
92%
Sherlock Holmes
90%
Godzilla
89%
Superman
89%
Frankenstein
86%
Le Cri
81%
Alien, le huitième passager
75%
Avengers
75%
L'Exorciste
67%
E.T L'extra-terrestre
66%
Muppet Show
53%
Les Oiseaux
46%
Le fantôme de l'opéra
36%
Le Labyrinthe de Pan
34%
MacGyver
27%
Aucun quiz correspondant
Distribution des résultats
% des personnes avec chaque résultat
Percentile par nombre de réponses
Votre historique - résultats
Vous n’avez pas pris ce quiz